The American System of Government / (Record no. 187174)

000 -LEADER
fixed length control field 01052 a2200181 4500
003 - CONTROL NUMBER IDENTIFIER
control field Nust
005 - DATE AND TIME OF LATEST TRANSACTION
control field 20230504123536.0
040 ## - CATALOGING SOURCE
Transcribing agency Nust
082 ## - DEWEY DECIMAL CLASSIFICATION NUMBER
Classification number 973,GRI
100 ## - MAIN ENTRY--PERSONAL NAME
Personal name Griffith Ernest s.
9 (RLIN) 112101
245 ## - TITLE STATEMENT
Title The American System of Government /
Statement of responsibility, etc. Ernest S. Griffith
260 ## - PUBLICATION, DISTRIBUTION, ETC.
Place of publication, distribution, etc. London
300 ## - PHYSICAL DESCRIPTION
Extent 202p.
505 ## - FORMATTED CONTENTS NOTE
Formatted contents note Introduction (Page-1), The Written Constitutions (Page-9), The Nation and the States (Page-21), Congress: Its Organization and Elections (Page-26), Congress: Its Procedure (Page-39), How Congress Makes up its Mind (Page-55), The Chief Executive (Page-69), The Presidency (Page-83), The Bureaucracy (Page-92), The Control of Executive (Page-108), The Source of Public Policy (Page-125), The Instruments of International Policy 135v Political Parties (Page-147), The Judiciary (Page-159), The States (Page-165), Local Government (Page-175), The American Systems Suggested Further Reading (Page-184).
600 ## - SUBJECT ADDED ENTRY--PERSONAL NAME
Personal name Ernest S.Griffith
9 (RLIN) 112102
650 ## - SUBJECT ADDED ENTRY--TOPICAL TERM
Topical term or geographic name entry element American System
9 (RLIN) 112103
942 ## - ADDED ENTRY ELEMENTS (KOHA)
Source of classification or shelving scheme
Koha item type Book
Call number prefix 973,GRI
Holdings
Withdrawn status Lost status Source of classification or shelving scheme Damaged status Not for loan Permanent Location Current Location Shelving location Date acquired Full call number Barcode Date last seen Price effective from Koha item type Public note
          Military College of Signals (MCS) Military College of Signals (MCS) General Stacks 12/12/2016 973,GRI MCS29523 12/08/2016 12/12/2016 Book Almirah No. 75, Shelf No. 8
© 2023 Central Library, National University of Sciences and Technology. All Rights Reserved.